000 00746nam a2200217 a 4500
001 000031646
003 DO-SdBNP
005 20250607073643.0
007 ta
008 110629s197u dr 000 0 spa d
040 _aDO-SdBNP
_bspa
_cBNPHU
082 _axxxx
_bC397n
110 1 _aRepública Dominicana.
_b Secretaria de Estado de Salud Pública y Asistencia Social (2001)
_956549
245 1 0 _aCentro nacional de documentación y educación en salud :
_cCENADES /
260 _aSanto Domingo :
_bSESPAS,
_c[197u]?
300 _a7 p. ;
_c22 cm.
590 _aInventariado, 2022/ YL
710 1 _aRepública Dominicana.
_b Secretaria de Estado de Salud Pública y Asistencia Social (2001)
_956549
910 _aYLockward
942 _2ddc
_cLF2
999 _c31138
_d31138